Zákon o dani z pridanej hodnoty Úplne znenie s komentárom

Guardado en:
Detalles Bibliográficos
Formato: Libro
Lenguaje:eslovaco
Publicado: Žilina EkonSpo [1993]
Edición:1. vyd.
Colección:Účtovníctvo
Materias:
Etiquetas: Agregar Etiqueta
Sin Etiquetas, Sea el primero en etiquetar este registro!

MARC

LEADER 00000nam a2200000 4500
001 c005376
005 20221214083324.6
020 |a 80-7156-019-7 
041 0 |a slo 
044 |a SK 
245 1 0 |a Zákon o dani z pridanej hodnoty  |b Úplne znenie s komentárom 
250 |a 1. vyd. 
264 1 |a Žilina  |b EkonSpo  |c [1993] 
300 |a 60 s.  |e príl. 
490 1 |a Účtovníctvo 
830 0 |a Účtovníctvo 
610 2 0 |a dane 
610 2 0 |a ČSFR 
610 2 0 |a dane z hodnoty pridanej 
610 2 0 |a Slovensko 
610 2 0 |a 1992